000
00200nam a22000857a 4500
008
161217b xxu||||| |||| 00| 0 eng d
100
_9
2094
_a
Kashyap.A.
245
_a
Environmental Studies-1
260
_c
2009
999
_c
4974
_d
4974